La construcción del discurso en la poética de Jorge Debravo

Salvato in:
Dettagli Bibliografici
Autore principale: Araya Fonseca, Evelyn
Natura: Libro
Lingua:Undetermined
Pubblicazione: San José, Costa Rica Universidad de Costa Rica, Sistema de Estudios de Posgrado 2012
Soggetti:
Tags: Aggiungi Tag
Nessun Tag, puoi essere il primo ad aggiungerne!!

MARC

LEADER 00000nam a2200000Ia 4500
008 170316s9999 xx 000 0 und d
040 |a cru BVZT 
090 |a TESIS 886 
100 |a Araya Fonseca, Evelyn 
245 |a La construcción del discurso en la poética de Jorge Debravo 
260 |a San José, Costa Rica 
260 |b Universidad de Costa Rica, Sistema de Estudios de Posgrado 
260 |c 2012 
300 |a 253 páginas 
650 |a TRABAJO FINAL DE GRADUACIÓN 
650 |a SEP 
650 |a MAESTRÍA ACADÉMICA EN LITERATURA LATINOAMERICANA 
650 |a JORGE DEBRAVO - POESÍA 
999 |c 14545  |d 14545 
942 |c TFG  |h TESIS 886  |2 z